Представление документа в формате MARC21

ПолеНазваниеЗначение
  Тип записи a
  Библиографический уровень m
001 Контрольный номер RU\infra-m\znanium\bibl\2235615
005 Дата корректировки 20260429142132.8
008 Кодируемые данные 260120s2025 RU g rus u
020 Индекс ISBN __
a ISBN 978-5-9614-5970-8
040 Источник каталогиз. __
a Служба первич. каталог. Общество с ограниченной ответственностью «ЗНАНИУМ»
041 Код языка издания __
a Код языка текста rus
044 Код страны публикации __
a Код страны публикации RU
080 Индекс УДК __
a Индекс УДК 32
084 Индекс другой классификации/Индекс ББК __
2 Источник индекса rubbk
a Индекс другой классификации/Индекс ББК 664
100 Автор __
a Автор Тренин Д.
q Полное имя Тренин Дмитрий
245 Заглавие __
a Заглавие Новый баланс сил: Россия в поисках внешнеполитического равновесия
b Продолж. заглавия Научно-популярная литература
250 Сведения об издании __
a Основные сведения об издании 1
260 Выходные данные __
a Место издания Москва
b Издательство ООО "Альпина Паблишер"
c Дата издания 2026
300 Физическое описание __
a Объем 472 с.
520 Аннотация __
a Аннотация После 2014 года Россия стала заметно активнее во внешней политике но четкой стратегии пока не видно. Во времена СССР мы с США соревновались за влияние во всем мире а после 1991 года какое-то время пытались встроиться в Запад. Нужно ли нам опять становиться сверхдержавой? Как сбалансировать внутренние возможности и активность за пределами страны? Как выстраивать отношения с ближайшими соседями включая Китай? Есть ли у нас точки соприкосновения с США и Западной Европой? Новая книга российского международника Дмитрия Тренина — приглашение к широкой дискуссии по важнейшим вопросам внешней политики России. Автор рассматривает основы на которых строятся отношения России с другими государствами — такие как суверенитет национальный интерес международное право баланс сил. Дает обзор внешней политики Москвы под руководством Михаила Горбачева Бориса Ельцина и Владимира Путина. Анализируя успехи неудачи и ошибки недавнего прошлого автор предлагает поразмышлять как России выстраивать самостоятельную и равновесную внешнеполитическую стратегию в быстро меняющемся мире.
521 Примеч. о цел. назн. __
a Примеч. о целев. назн. Дополнительное образование
650 Тематические рубрики __
a Основная рубрика Политика. Социология
x Основная подрубрика Внешняя политика зарубежных государств
655 Указ. предметных рубрик (устаревшее) __
a Жанр/ форма (устаревшее) Научно-популярная литература
856 Электронный адрес документа 4_
a Имя сервера/домена znanium.ru
m Помощь ebs_support@infra-m.ru
n Местонахождение сервера НИЦ ИНФРА-М
u URL https://znanium.ru/catalog/document?id=473738
856 Электронный адрес документа 48
a Имя сервера/домена znanium.ru
d Путь /cover/2235
f Электронное имя 2235615.jpg
q Тип электронного формата image/jpeg
u URL https://znanium.ru/cover/2235/2235615.jpg
911 __
u 0030=https://znanium.ru/catalog/document?id=473738